| Tag |
First Indicator |
Second Indicator |
Subfields |
| LEADER |
00000cam a2200000I 4500 |
| 001 |
in00001998749 |
| 005 |
20191109063255.0 |
| 008 |
740509s1973 gw 000 0 ger c |
| 010 |
|
|
|a 73363678
|
| 035 |
|
|
|a (OCoLC)ocm00881532
|
| 040 |
|
|
|a COO
|c COO
|d TXA
|d UtOrBLW
|
| 041 |
0 |
|
|a ger
|a eng
|
| 049 |
|
|
|a TXAM
|
| 050 |
0 |
0 |
|a QC972.7
|b .B76 1973
|
| 100 |
1 |
|
|a Brocks, Karl.
|
| 245 |
1 |
0 |
|a Ausgewählte Schriften über terrestrische Refraktion, Wechselwirkung Ozean-Atmosphäre und Radiometeorologie. :
|b Selected papers on terrestrial refraction, air-sea interaction and radiometeorology /
|c von Karl Brocks.
|
| 264 |
|
1 |
|a Hamburg :
|b Wittenborn,
|c 1973.
|
| 300 |
|
|
|a 710 unnumbered pages :
|b illustrations, graphs, maps ;
|c 21cm.
|
| 336 |
|
|
|a text
|b txt
|2 rdacontent
|
| 337 |
|
|
|a unmediated
|b n
|2 rdamedia
|
| 338 |
|
|
|a volume
|b nc
|2 rdacarrier
|
| 490 |
1 |
|
|a Hamburger geophysikalische Einzelschriften,
|v Heft 17
|
| 500 |
|
|
|a English or German.
|
| 504 |
|
|
|a Includes bibliographies.
|
| 650 |
|
0 |
|a Radio meteorology.
|
| 650 |
|
0 |
|a Ocean-atmosphere interaction.
|
| 650 |
|
0 |
|a Light
|x Scattering.
|
| 650 |
|
0 |
|a Upper atmosphere.
|
| 740 |
0 |
|
|a Selected papers on terrestrial refraction, air-sea interaction and radiometeorology.
|
| 830 |
|
0 |
|a Hamburger geophysikalische Einzelschriften ;
|v Heft 17.
|
| 948 |
|
|
|a cataloged
|b h
|c 2004/10/7
|d c
|e jgreene
|f 3:23:14 pm
|
| 994 |
|
|
|a E0
|b TXA
|
| 999 |
|
|
|a MARS
|
| 999 |
f |
f |
|s 1119d64d-8eeb-368c-bd9b-feb3abcd727b
|i 2829b32e-4db3-3e24-a33c-e7283e6dbc73
|t 0
|
| 952 |
f |
f |
|p normal
|a Texas A&M University
|b College Station
|c Sterling C. Evans Library
|d Evans: Library Stacks
|t 0
|e QC972.7 .B76 1973
|h Library of Congress classification
|i unmediated -- volume
|m A14831367911
|
| 998 |
f |
f |
|a QC972.7 .B76 1973
|t 0
|l Evans: Library Stacks
|